[Event "Ch World (juniors) (under 16)"]
[Site "masterchessopen.com Vung Tau (Vietnam)"]
[Date "2008.10.28"]
[Round "9"]
[White "Vlasak Lukas (CZE)"]
[Black "Veits Janis (LAT)"]
[Result "1-0"]
[WhiteElo "2161"]
[BlackElo "1809"]

1.e4 c5 2.Nf3 Nc6 3.d4 cxd4 4.Nxd4 Nf6 5.Nc3 d6 6.Bg5 e6 7.Qd2 a6 8.O-O-O Bd7
9.Nf3 h6 10.Be3 Qc7 11.Nd4 Ne5 12.f4 Nc4 13.Bxc4 Qxc4 14.Rhe1 O-O-O 15.Nb3 Qc7
16.h3 Bc6 17.Qf2 Nd7 18.Bd4 b6 19.f5 Kb7 20.Qd2 Rg8 21.fxe6 fxe6 22.Be3 g5
23.Nd4 Rg6 24.Rf1 Ne5 25.Nxc6 Nxc6 26.Na4 Qg7 27.Bxb6 Rd7 28.Nc5+ {#r} 1-0

[Event "It (open)"]
[Site "masterchessopen.com Deizisau (Germany)"]
[Date "2008.10.30"]
[Round "3"]
[White "Petermann Michail (GER)"]
[Black "Hirneise Jens (GER)"]
[Result "0-1"]
[WhiteElo "2071"]
[BlackElo "2305"]

1.e4 c5 2.Nf3 Nc6 3.d4 cxd4 4.Nxd4 Nf6 5.Nc3 d6 6.Bg5 e6 7.Qd2 a6 8.O-O-O Bd7
9.f4 h6 10.Bh4 Nxe4 11.Nxe4 Qxh4 12.Nxc6 Bxc6 13.Nxd6+ Bxd6 14.Qxd6 Rd8
15.Qxd8+ Qxd8 16.Rxd8+ Kxd8 17.Bd3 g5 18.Rd1 Ke7 19.g3 gxf4 20.gxf4 Rg8 21.c4
Rg4 22.Rf1 Rg2 23.h4 Rh2 24.Be2 Rxh4 25.b4 b5 26.c5 h5 27.Rf2 Rh1+ 28.Kd2 h4
29.Bd1 h3 30.a3 h2 31.Be2 Rd1+ {#R} 0-1

[Event "It \"]
[Site "masterchessopen.com Vienna (Austria)"]
[Date "2008.11.01"]
[Round "2"]
[White "Sandhoefner Florian (AUT)"]
[Black "Zimmermann Dietmar (GER)"]
[Result "1-0"]
[WhiteElo "2239"]
[BlackElo "2079"]

1.e4 c5 2.Nf3 d6 3.d4 cxd4 4.Nxd4 Nf6 5.Nc3 Nc6 6.Bg5 e6 7.Qd2 a6 8.O-O-O Bd7
9.f3 b5 10.g4 b4 11.Nce2 Qb6 12.Kb1 Ne5 13.Ng3 Rc8 14.Bxf6 gxf6 15.Nh5 Be7
16.Qh6 Kd8 17.Nxf6 Bb5 18.f4 Nc4 19.Qg7 Rf8 20.Nxh7 Kd7 21.Nxf8+ Rxf8 22.g5
Ne3 23.Bxb5+ axb5 24.Rd3 Nc4 25.Ne2 {#r} 1-0

[Event "It (open)"]
[Site "masterchessopen.com Bad Wiessee (Germany)"]
[Date "2008.11.04"]
[Round "4"]
[White "Kummerow Heiko (GER)"]
[Black "Yemelin Vasily (RUS)"]
[Result "0-1"]
[WhiteElo "2357"]
[BlackElo "2573"]

1.e4 c5 2.Nf3 d6 3.d4 cxd4 4.Nxd4 Nf6 5.Nc3 a6 6.Bg5 Nc6 7.Qd2 e6 8.O-O-O Bd7
9.f4 b5 10.Bxf6 gxf6 11.Kb1 Qb6 12.Nxc6 Bxc6 13.f5 Qc5 14.Bd3 b4 15.Ne2 e5
16.Ng3 h5 17.h4 Bh6 18.Qe2 Qe3 19.Nxh5 Ke7 20.Qf1 Bxe4 21.Rh3 Bxd3 22.Rxd3 Qe4
23.Qd1 Rad8 24.Rd5 Be3 25.Nxf6 Kxf6 26.Rxd6+ Rxd6 27.Qxd6+ Kxf5 28.Qd7+ Kf6
29.Rf3+ Bf4 {#R} 0-1

[Event "Extraliga 2008/09"]
[Site "masterchessopen.com Czech Republic"]
[Date "2008.11.09"]
[Round "2"]
[White "Zawadzki Stanislaw (POL)"]
[Black "Walek Milan (CZE)"]
[Result "1-0"]
[WhiteElo "2447"]
[BlackElo "2344"]

1.e4 c5 2.Nf3 d6 3.d4 cxd4 4.Nxd4 Nf6 5.Nc3 Nc6 6.Bg5 e6 7.Qd2 a6 8.O-O-O Bd7
9.f3 Rc8 10.Kb1 Be7 11.h4 h5 12.Nxc6 Bxc6 13.Ne2 b5 14.Nd4 Qb6 15.Nxc6 Rxc6
16.Bd3 b4 17.Qe2 Nd7 18.Be3 Qa5 19.f4 Bf6 20.Bc4 g6 21.g3 Ke7 22.Bd5 Rc7
23.Bb3 Nc5 24.e5 dxe5 25.fxe5 Bxe5 26.Bg5+ Bf6 27.Qe5 Bxg5 28.Qxh8 {#r} 1-0

[Event "Ch Germany (juniors) (team)"]
[Site "masterchessopen.com Dresden (Germany)"]
[Date "2008.11.14"]
[Round "2"]
[White "Friedrich Ricardo (GER)"]
[Black "Hirneise Jens (GER)"]
[Result "0-1"]
[WhiteElo "2051"]
[BlackElo "2305"]

1.e4 c5 2.Nf3 Nc6 3.d4 cxd4 4.Nxd4 Nf6 5.Nc3 d6 6.Bg5 e6 7.Qd2 a6 8.O-O-O Bd7
9.Kb1 h6 10.Bh4 Nxe4 11.Nxe4 Qxh4 12.Nxd6+ Bxd6 13.Nxc6 O-O 14.Qxd6 Bxc6
15.Qg3 Rad8 16.Rxd8 Rxd8 17.Kc1 Qa4 18.a3 Be4 19.Qc7 Rd7 20.Qc8+ Kh7 21.f3 Bg6
22.Bd3 Bxd3 23.cxd3 Qf4+ 24.Kb1 Rc7 25.Qd8 Rc5 26.Qd7 Qd2 27.Qd4 b6 28.Ka1 e5
29.Qe4+ g6 30.g3 Rb5 {#R} 0-1

[Event "It (sheveningen)"]
[Site "masterchessopen.com Brasilia (Brazil)"]
[Date "2008.11.28"]
[Round "5"]
[White "Matsuura Everaldo (BRA)"]
[Black "Lucena Lincoln (BRA)"]
[Result "1-0"]
[WhiteElo "2469"]
[BlackElo "2239"]

1.e4 c5 2.Nf3 d6 3.d4 cxd4 4.Nxd4 Nf6 5.Nc3 a6 6.Bg5 Nc6 7.Qd2 e6 8.O-O-O Bd7
9.f3 b5 10.Nxc6 Bxc6 11.Ne2 Be7 12.Nd4 Bb7 13.h4 Rc8 14.Kb1 h6 15.Be3 Nd7
16.g4 Ne5 17.Qg2 Rc7 18.g5 hxg5 19.hxg5 Rxh1 20.Qxh1 Qa8 21.g6 Nxg6 22.Qh7 Nf8
23.Qxg7 Qc8 24.Bd3 Qd8 25.Bh6 Rc5 26.f4 Rh5 27.f5 exf5 28.exf5 Bf3 29.Nxf3
{#r} 1-0

[Event "Bundesliga 2008/09"]
[Site "masterchessopen.com Germany"]
[Date "2008.11.29"]
[Round "5"]
[White "Ris Robert (NED)"]
[Black "Brandenburg Daan (NED)"]
[Result "0-1"]
[WhiteElo "2417"]
[BlackElo "2436"]

1.e4 c5 2.Nf3 d6 3.d4 cxd4 4.Nxd4 Nf6 5.Nc3 Nc6 6.Bg5 e6 7.Qd2 a6 8.O-O-O Bd7
9.f3 Be7 10.Kb1 b5 11.Nxc6 Bxc6 12.Be3 Rc8 13.Ne2 O-O 14.Nd4 Bb7 15.Bd3 Nd7
16.Rhe1 d5 17.exd5 Bxd5 18.Bf4 g6 19.Nb3 Bf6 20.Be4 Nb6 21.Qa5 Bxb2 22.Bxd5
exd5 23.Bh6 Qc7 24.Re2 Bc3 25.Qxa6 Ra8 26.Qxb5 Qa7 27.a4 Nxa4 28.Bxf8 Nc5
29.Qa5 Qxa5 30.Nxa5 Rxa5 {#R} 0-1

[Event "Ch Great Britain (active)"]
[Site "masterchessopen.com Halifax (England)"]
[Date "2008.11.30"]
[Round "8"]
[White "Poobalasingam Peter (ENG)"]
[Black "Gordon Stephen J (ENG)"]
[Result "1-0"]
[WhiteElo "2235"]
[BlackElo "2521"]

1.e4 c5 2.Nf3 d6 3.d4 cxd4 4.Nxd4 Nf6 5.Nc3 Nc6 6.Bg5 a6 7.Qd2 e6 8.O-O-O Bd7
9.f4 Qc7 10.Kb1 Be7 11.Nf3 h6 12.Bh4 b5 13.e5 b4 14.exf6 bxc3 15.fxg7 Rg8
16.Qxc3 Qa5 17.Qxa5 Nxa5 18.Be1 Nc6 19.Bc3 f6 20.g3 Rxg7 21.Bh3 Kf7 22.Rhe1
Rgg8 23.Nd2 d5 24.Nf3 f5 25.Bf1 Bf6 26.Bxf6 Kxf6 27.c4 Ne7 28.Ne5 Be8 29.Bg2
Rd8 30.Rd3 Nc6 31.Rde3 {#r} 1-0

[Event "It (open)"]
[Site "masterchessopen.com San Sebastian de los Reyes (Spain)"]
[Date "2008.12.06"]
[Round "7"]
[White "Sanchez-Alarcos Galian Victor (ESP)"]
[Black "Morales Jhon Alexander (COL)"]
[Result "1-0"]
[WhiteElo "2011"]
[BlackElo "2338"]

1.e4 c5 2.Nf3 Nc6 3.d4 cxd4 4.Nxd4 Nf6 5.Nc3 d6 6.Bg5 e6 7.Qd2 a6 8.O-O-O Bd7
9.f4 b5 10.Nxc6 Bxc6 11.e5 dxe5 12.Qe3 Qc7 13.fxe5 Nd7 14.Bf4 Rc8 15.Bd3 g6
16.Ne4 Bxe4 17.Bxe4 Bg7 18.Rd6 Bxe5 19.Bxe5 Nxe5 20.Qd4 Nc4 21.Bc6+ {#r} 1-0

[Event "Ch Region"]
[Site "masterchessopen.com Voronezh (Russia)"]
[Date "2008.12.09"]
[Round "7"]
[White "Rodin Dmitrij (RUS)"]
[Black "Morozov Evgeny (RUS)"]
[Result "1-0"]
[WhiteElo "2421"]
[BlackElo "2331"]

1.e4 c5 2.Nf3 Nc6 3.d4 cxd4 4.Nxd4 Nf6 5.Nc3 d6 6.Bg5 e6 7.Qd2 a6 8.O-O-O Bd7
9.f3 Be7 10.Be3 h5 11.Kb1 Qc7 12.Qf2 Rc8 13.Rg1 b5 14.Nxc6 Bxc6 15.Bd3 b4
16.Ne2 d5 17.Nd4 dxe4 18.Bxa6 Ra8 19.Nb5 Qb8 20.Ba7 Qxh2 21.Qb6 Bxb5 22.Bxb5+
Kf8 23.Qb7 Rd8 24.Bc5 {#r} 1-0

[Event "Ch Asia (juniors)"]
[Site "masterchessopen.com Chennai (India)"]
[Date "2008.12.11"]
[Round "6"]
[White "Jayaram Aswin (IND)"]
[Black "Prasanna Vishnu (IND)"]
[Result "1-0"]
[WhiteElo "2078"]
[BlackElo "2116"]

1.e4 c5 2.Nf3 d6 3.d4 cxd4 4.Nxd4 Nf6 5.Nc3 Nc6 6.Bg5 e6 7.Qd2 a6 8.O-O-O Bd7
9.f3 Be7 10.Kb1 Rc8 11.Nxc6 Bxc6 12.h4 h6 13.Be3 d5 14.Qf2 Bb4 15.Bd4 dxe4
16.Nxe4 e5 17.Qg3 Nxe4 18.Qxe5+ Qe7 19.Qxg7 Nd2+ 20.Ka1 Kd7 21.Qg4+ f5
22.Qxf5+ Qe6 23.Bd3 Rhg8 24.Rhe1 Qxf5 25.Bxf5+ Kc7 26.Bxc8 Rxg2 27.Bh3 Rh2
28.Be5+ {#r} 1-0

[Event "It (open)"]
[Site "masterchessopen.com Zadar (Croatia)"]
[Date "2008.12.15"]
[Round "2"]
[White "Fercec Nenad (CRO)"]
[Black "Kozul Zdenko (CRO)"]
[Result "1-0"]
[WhiteElo "2481"]
[BlackElo "2593"]

1.e4 c5 2.Nf3 d6 3.d4 cxd4 4.Nxd4 Nf6 5.Nc3 Nc6 6.Bg5 e6 7.Qd2 a6 8.O-O-O Bd7
9.f3 Be7 10.Be3 O-O 11.g4 Rc8 12.g5 Ne8 13.h4 b5 14.Nxc6 Bxc6 15.Ne2 e5 16.Bh3
Bd7 17.Bxd7 Qxd7 18.Ng3 Rc6 19.Nf5 g6 20.Nh6+ Kh8 21.Qd5 Qc7 22.Rd2 Rc3
23.bxc3 Qxc3 24.Qb3 {#r} 1-0

[Event "Ch Brazil"]
[Site "masterchessopen.com Porto Alegre (Brazil)"]
[Date "2008.12.16"]
[Round "11"]
[White "Fier Alexander Hilario Takeda (BRA)"]
[Black "Barreto Filho Carlos Alberto (BRA)"]
[Result "1-0"]
[WhiteElo "2581"]
[BlackElo "2300"]

1.e4 c5 2.Nf3 d6 3.d4 cxd4 4.Nxd4 Nf6 5.Nc3 Nc6 6.Bg5 e6 7.Qd2 a6 8.O-O-O Bd7
9.f4 h6 10.Bh4 g5 11.fxg5 Ng4 12.Nf3 hxg5 13.Bg3 Nge5 14.Kb1 Be7 15.Be2 b5
16.Rhf1 Nxf3 17.Rxf3 Ne5 18.Bxe5 dxe5 19.Rd3 Ra7 20.h3 Qc8 21.a3 Rc7 22.Qe3
Bc6 23.Nd5 exd5 24.exd5 Bf6 25.dxc6 Rxc6 26.Bg4 Qc7 27.Bd7+ {#r} 1-0

[Event "It (open)"]
[Site "masterchessopen.com Groningen (Netherlands)"]
[Date "2008.12.22"]
[Round "2"]
[White "Venkatesh M R (IND)"]
[Black "Hoeksema Hendrik Pieter (NED)"]
[Result "0-1"]
[WhiteElo "2468"]
[BlackElo "2323"]

1.e4 c5 2.Nf3 d6 3.d4 cxd4 4.Nxd4 Nf6 5.Nc3 a6 6.Bg5 Nc6 7.Qd2 e6 8.O-O-O Bd7
9.f3 b5 10.Nxc6 Bxc6 11.Ne2 Rc8 12.Nd4 Be7 13.h4 O-O 14.g4 Bb7 15.Be3 Nd7
16.g5 d5 17.Bh3 Ne5 18.f4 Nc4 19.Qe1 Nxe3 20.Qxe3 Qa5 21.g6 hxg6 22.Kb1 Bc5
23.e5 Bxd4 24.Rxd4 Rc4 25.Bf1 Rxd4 {#R} 0-1

[Event "It (open)"]
[Site "masterchessopen.com Groningen (Netherlands)"]
[Date "2008.12.23"]
[Round "3"]
[White "Rauw Gert-Jan (NED)"]
[Black "Van Kampen Robin (NED)"]
[Result "0-1"]
[WhiteElo "2008"]
[BlackElo "2307"]

1.e4 c5 2.Nf3 d6 3.d4 cxd4 4.Nxd4 Nf6 5.Nc3 Nc6 6.Bg5 e6 7.Qd2 a6 8.O-O-O Bd7
9.f4 h6 10.Bxf6 Qxf6 11.Nxc6 Bxc6 12.Bc4 Rd8 13.g4 g5 14.f5 b5 15.Bb3 Bg7
16.Rde1 b4 17.Nd1 a5 18.Rhf1 Qe5 19.Qf2 O-O 20.f6 Bh8 21.Qf3 Bb5 22.Rf2 a4
23.Bd5 exd5 {#R} 0-1

[Event "Ch Germany (juniors) (club) (under 16)"]
[Site "masterchessopen.com Bingen (Germany)"]
[Date "2008.12.28"]
[Round "4"]
[White "Doberitz Paul (GER)"]
[Black "Schulz Jens (GER)"]
[Result "1-0"]
[WhiteElo "2104"]
[BlackElo "2085"]

1.e4 c5 2.Nf3 Nc6 3.d4 cxd4 4.Nxd4 Nf6 5.Nc3 d6 6.Bg5 e6 7.Qd2 a6 8.O-O-O Bd7
9.f4 h6 10.Bxf6 gxf6 11.Be2 b5 12.f5 h5 13.Qd3 b4 14.fxe6 fxe6 15.Nxc6 Bxc6
16.Qc4 Qc8 17.Qxb4 Bh6+ 18.Kb1 Bf4 19.Rhf1 Be5 20.Rxd6 Bxd6 21.Qxd6 Qd7 22.Qc5
Kf7 23.Qg5 Rag8 24.Rxf6+ Ke7 25.Rg6+ Kf8 26.Qf4+ Ke8 27.Bxh5 Kd8 28.Qg5+ {#r}
1-0

[Event "Ch Azerbaijan"]
[Site "masterchessopen.com Baku (Azerbaijan)"]
[Date "2009.01.14"]
[Round "2"]
[White "Durarbeyli Vasif (AZE)"]
[Black "Gasimov Ragim (AZE)"]
[Result "1-0"]
[WhiteElo "2447"]
[BlackElo "2402"]

1.e4 c5 2.Nf3 Nc6 3.d4 cxd4 4.Nxd4 Nf6 5.Nc3 d6 6.Bg5 e6 7.Qd2 a6 8.O-O-O Bd7
9.f3 Be7 10.Be3 b5 11.Nxc6 Bxc6 12.Kb1 Qc7 13.g4 b4 14.Ne2 d5 15.g5 Nd7 16.Nd4
dxe4 17.Nxc6 Qxc6 18.Qd4 e5 19.Qxe4 Qxe4 20.fxe4 Nc5 21.Rd5 Rd8 22.Rxe5 Rd1+
23.Bc1 Nd7 24.Rd5 Re1 25.Bg2 Rxh1 26.Bxh1 Nb6 27.Ra5 O-O 28.b3 Rd8 29.Rxa6 Bc5
30.Bf3 Nd7 31.a4 {#r} 1-0

[Event "It (open)"]
[Site "masterchessopen.com Gurgaon (India)"]
[Date "2009.01.25"]
[Round "6"]
[White "Kostenko Petr (KAZ)"]
[Black "Shashikant Kutwal (IND)"]
[Result "0-1"]
[WhiteElo "2491"]
[BlackElo "2314"]

1.e4 c5 2.Nf3 d6 3.d4 cxd4 4.Nxd4 Nf6 5.Nc3 Nc6 6.Bg5 e6 7.Qd2 a6 8.O-O-O Bd7
9.f4 h6 10.Bh4 g5 11.fxg5 Ng4 12.Nf3 hxg5 13.Bxg5 f6 14.Bf4 e5 15.Kb1 exf4
16.Qxf4 Qa5 17.h3 O-O-O 18.Rg1 Bh6 19.Qg3 Nge5 20.Rxd6 Qc5 21.Rxf6 Rhg8 22.Qh2
Bg7 23.Rf4 Ng6 24.Rf7 Bxc3 25.bxc3 Nge5 26.Nxe5 Nxe5 {#R} 0-1

[Event "It \"]
[Site "masterchessopen.com Neustadt a.d. Weinstrasse (Germany)"]
[Date "2009.02.16"]
[Round "3"]
[White "Muzychuk Mariya (UKR)"]
[Black "Lupulescu Constantin (ROM)"]
[Result "0-1"]
[WhiteElo "2441"]
[BlackElo "2620"]

1.e4 c5 2.Nf3 d6 3.d4 cxd4 4.Nxd4 Nf6 5.Nc3 Nc6 6.Bg5 e6 7.Qd2 a6 8.O-O-O Bd7
9.f4 b5 10.Bxf6 gxf6 11.Kb1 Qb6 12.Nce2 Rc8 13.f5 Nxd4 14.Nxd4 e5 15.Ne2 b4
16.g4 h5 17.gxh5 Ke7 18.Ng3 Bh6 19.Qe1 a5 20.Bd3 a4 21.Qe2 b3 22.cxb3 axb3
23.a3 Rc7 24.Qf1 Rhc8 25.Ne2 Rc2 26.Nc3 R8xc3 27.bxc3 Ba4 28.Qg1 Qc7 29.c4 Qa5
30.c5 Qc3 31.cxd6+ Kf8 {#R} 0-1

[Event "It (cat.4)"]
[Site "masterchessopen.com Orsay (France)"]
[Date "2009.02.22"]
[Round "9"]
[White "Moussard Jules (FRA)"]
[Black "Guilleux Fabien (FRA)"]
[Result "0-1"]
[WhiteElo "2292"]
[BlackElo "2381"]

1.e4 c5 2.Nf3 d6 3.d4 cxd4 4.Nxd4 Nf6 5.Nc3 Nc6 6.Bg5 e6 7.Qd2 a6 8.O-O-O Bd7
9.f4 b5 10.Bxf6 gxf6 11.Nxc6 Bxc6 12.Bd3 Qb6 13.f5 b4 14.Ne2 e5 15.Ng3 h5
16.Qe2 h4 17.Nh5 Ke7 18.Kb1 Qc5 19.Qg4 Bh6 20.Qxh4 Bg5 21.Qg4 a5 22.Ng3 a4
23.Qe2 b3 24.cxb3 axb3 25.axb3 Rhc8 26.Bc4 Qa7 27.Rd3 Qa2+ 28.Kc2 Ba4 29.Rc3
Rab8 30.Kd3 Bxb3 31.Bb5 Qa7 {#R} 0-1

[Event "Ch Belgium (team) 2008/09"]
[Site "masterchessopen.com Belgium"]
[Date "2009.03.08"]
[Round "10"]
[White "Wemmers Xander (NED)"]
[Black "Hommeles Theo (NED)"]
[Result "1-0"]
[WhiteElo "2378"]
[BlackElo "2412"]

1.e4 c5 2.Nf3 d6 3.d4 cxd4 4.Nxd4 Nf6 5.Nc3 Nc6 6.Bg5 e6 7.Qd2 a6 8.O-O-O Bd7
9.f4 b5 10.Bxf6 gxf6 11.Nxc6 Bxc6 12.f5 Qb6 13.Kb1 b4 14.Ne2 e5 15.Ng3 Qc5
16.Nh5 Ke7 17.Bd3 Rg8 18.Rhe1 a5 19.Qe2 Bh6 20.Bc4 a4 21.Nxf6 Kxf6 22.Qh5 Qxc4
23.Qxh6+ Ke7 24.Qxd6+ Ke8 25.Qxe5+ Kf8 26.f6 Rxg2 27.Qe7+ {#r} 1-0

[Event "Ch Czech Republic (juniors) (under 12)"]
[Site "masterchessopen.com Kouty nad Desnou (Czech Republic)"]
[Date "2009.03.08"]
[Round "2"]
[White "Abelyan Murad"]
[Black "Svoboda Matej (CZE)"]
[Result "0-1"]
[WhiteElo "1709"]
[BlackElo "1877"]

1.e4 c5 2.Nf3 d6 3.d4 cxd4 4.Nxd4 Nf6 5.Nc3 Nc6 6.Bg5 e6 7.Qd2 a6 8.O-O-O Bd7
9.f4 h6 10.Bxf6 Qxf6 11.g3 Qxd4 12.Qxd4 Nxd4 13.Rxd4 g6 14.Nd1 Ke7 15.Ne3 Bg7
16.Rd2 Bc6 17.Bg2 Rhd8 18.Rhd1 b5 19.e5 d5 20.c4 bxc4 21.Nxc4 Rdc8 22.Nb6 Ba4+
23.Kb1 Bxd1 24.Nxa8 Bg4 25.Nb6 Bf5+ {#R} 0-1

[Event "It (open)"]
[Site "masterchessopen.com Reykjavik (Iceland)"]
[Date "2009.03.28"]
[Round "5"]
[White "Maze Sebastien (FRA)"]
[Black "Guilleux Fabien (FRA)"]
[Result "0-1"]
[WhiteElo "2546"]
[BlackElo "2381"]

1.e4 c5 2.Nf3 d6 3.d4 Nf6 4.Nc3 cxd4 5.Nxd4 Nc6 6.Bg5 e6 7.Qd2 a6 8.O-O-O Bd7
9.f3 Be7 10.h4 Rc8 11.Nxc6 Bxc6 12.Kb1 Qc7 13.Bf4 Rd8 14.g4 b5 15.a3 Qb7
16.Bd3 d5 17.g5 Nxe4 18.fxe4 dxe4 19.Nxe4 Bxe4 20.Rh3 O-O 21.h5 b4 22.Be5 bxa3
23.b3 Bxd3 24.Rxd3 Rxd3 25.Qxd3 Bxg5 26.Qc3 f6 27.Bg3 Rc8 28.Qa5 f5 29.Be5 Qe4
30.Rd3 Qh1+ {#R} 0-1

[Event "Cup Genset (cat.4)"]
[Site "masterchessopen.com Szombathely (Hungary)"]
[Date "2009.04.02"]
[Round "8"]
[White "Kislik Erik Andrew (USA)"]
[Black "Rapport Richard (HUN)"]
[Result "0-1"]
[WhiteElo "2342"]
[BlackElo "2401"]

1.e4 c5 2.Nf3 Nc6 3.d4 cxd4 4.Nxd4 Nf6 5.Nc3 d6 6.Bg5 e6 7.Qd2 a6 8.O-O-O Bd7
9.f3 Be7 10.h4 b5 11.Nxc6 Bxc6 12.Ne2 Bb7 13.Nd4 O-O 14.Bd3 Nd7 15.Rhe1 Ne5
16.Bf1 h6 17.Bxe7 Qxe7 18.f4 Rfd8 19.Kb1 Rac8 20.b3 Nd7 21.g3 Nf6 22.Bg2 Qc7
23.Re3 b4 24.Qe2 d5 25.e5 Ne4 26.Bxe4 dxe4 27.Qf2 Rd7 28.c4 bxc3 29.Kc2 Qc5
30.Nxe6 Qa3 {#R} 0-1

[Event "Ch Russia (juniors) (under 16)"]
[Site "masterchessopen.com Dagomys (Russia)"]
[Date "2009.04.22"]
[Round "8"]
[White "Tilicheev Viacheslav (RUS)"]
[Black "Bazeev German (RUS)"]
[Result "1-0"]
[WhiteElo "2326"]
[BlackElo "2285"]

1.e4 c5 2.Nf3 d6 3.d4 cxd4 4.Nxd4 Nf6 5.Nc3 Nc6 6.Bg5 e6 7.Qd2 a6 8.O-O-O Bd7
9.f4 b5 10.Nf3 b4 11.Bxf6 Qxf6 12.Ne2 Qd8 13.Ned4 Qa5 14.Kb1 Be7 15.f5 Nxd4
16.Nxd4 e5 17.Nf3 Qc5 18.b3 Bc6 19.Bc4 Bxe4 20.Ng5 Bxg5 21.Qxg5 O-O 22.f6 Bg6
23.Rhf1 a5 24.h4 gxf6 25.Rxf6 Kh8 26.h5 Be4 27.Rfxd6 f6 28.Rxf6 Rg8 29.Qh4 Qe3
30.Rf2 Raf8 31.Re2 {#r} 1-0

[Event "Ch Russia (juniors) (under 18) (1 league) (g)"]
[Site "masterchessopen.com Dagomys (Russia)"]
[Date "2009.04.22"]
[Round "8"]
[White "Mustafina Dinara (RUS)"]
[Black "Golovina Darya (RUS)"]
[Result "0-1"]
[WhiteElo "1871"]
[BlackElo "1828"]

1.e4 c5 2.Nf3 Nc6 3.d4 cxd4 4.Nxd4 Nf6 5.Nc3 d6 6.Bg5 e6 7.Qd2 a6 8.O-O-O Bd7
9.f4 Qc7 10.f5 O-O-O 11.Nxc6 Qxc6 12.Qd4 Be7 13.Qa7 Kc7 14.Be3 Ra8 15.Qd4 exf5
16.Rd3 fxe4 17.Nb5+ axb5 18.Rc3 Rxa2 19.Rxc6+ bxc6 20.Qb6+ Kc8 21.Kb1 Ra8
22.c4 c5 23.Bf4 Ne8 24.Bxd6 Bxd6 25.Be2 h5 26.b4 Rh6 27.bxc5 Be5 28.c6 Rxc6
29.Qxb5 Rb8 {#R} 0-1

[Event "Ch Netherlands (juniors) (under 21)"]
[Site "masterchessopen.com Venlo (Netherlands)"]
[Date "2009.04.24"]
[Round "1"]
[White "Kuipers Stefan (NED)"]
[Black "Boulahfa Hicham (NED)"]
[Result "1-0"]
[WhiteElo "2324"]
[BlackElo "2022"]

1.e4 c5 2.Nf3 d6 3.d4 cxd4 4.Nxd4 Nf6 5.Nc3 Nc6 6.Bg5 e6 7.Qd2 a6 8.O-O-O Bd7
9.f3 Be7 10.Be3 b5 11.g4 Nxd4 12.Qxd4 e5 13.Qd2 b4 14.Ne2 Qa5 15.Kb1 Be6 16.b3
Rd8 17.c4 Nd7 18.Ng3 Qc7 19.Nf5 Bxf5 20.gxf5 a5 21.Rg1 Bf8 22.c5 Nxc5 23.Bb5+
Ke7 24.Qd5 h6 25.f4 Rc8 26.fxe5 dxe5 27.Rg6 Nxe4 28.Re6+ {#r} 1-0

[Event "Ch Netherlands (juniors) (under 21)"]
[Site "masterchessopen.com Venlo (Netherlands)"]
[Date "2009.04.24"]
[Round "1"]
[White "Nicolai Amir (NED)"]
[Black "Van Kampen Robin (NED)"]
[Result "0-1"]
[WhiteElo "1837"]
[BlackElo "2383"]

1.e4 c5 2.Nf3 d6 3.d4 cxd4 4.Nxd4 Nf6 5.Nc3 Nc6 6.Bg5 e6 7.Qd2 a6 8.O-O-O Bd7
9.f4 h6 10.Bxf6 Qxf6 11.Nf3 Qd8 12.Bc4 Be7 13.Kb1 b5 14.Bb3 Na5 15.g4 Nxb3
16.cxb3 Qc7 17.Rhe1 O-O 18.h4 b4 19.Ne2 a5 20.Ng3 Qa7 21.g5 a4 22.bxa4 Bxa4
23.Rc1 Bd1 24.Rexd1 Qxa2+ 25.Kc2 Qc4+ 26.Kb1 Ra1+ {#R} 0-1

[Event "Ch Netherlands (juniors) (under 21)"]
[Site "masterchessopen.com Venlo (Netherlands)"]
[Date "2009.04.28"]
[Round "5"]
[White "Van Der Knijff Reint (NED)"]
[Black "Boulahfa Hicham (NED)"]
[Result "1-0"]
[WhiteElo "1989"]
[BlackElo "2022"]

1.e4 c5 2.Nf3 d6 3.d4 cxd4 4.Nxd4 Nf6 5.Nc3 Nc6 6.Bg5 e6 7.Qd2 a6 8.O-O-O Bd7
9.f4 h6 10.Bh4 g5 11.fxg5 Ng4 12.Be2 Nge5 13.Kb1 Be7 14.Rhf1 hxg5 15.Bg3 b5
16.Nxc6 Bxc6 17.Qe3 Qc7 18.Bxe5 dxe5 19.Qf2 f6 20.Bg4 b4 21.Nd5 exd5 22.exd5
Bb5 23.d6 Qa7 24.Qf5 O-O 25.Qg6+ Kh8 26.Qh6+ Kg8 27.Be6+ Rf7 28.dxe7 Qxe7
29.Qg6+ Kf8 30.Bxf7 Bxf1 31.Qg8# 1-0

[Event "Memorial Voroniatov (open)"]
[Site "masterchessopen.com Nizhnij Novgorod (Russia)"]
[Round "0"]
[White "Demidov Danil (RUS)"]
[Black "Kruchinin Anatoly V (RUS)"]
[Result "0-1"]
[WhiteElo "2104"]
[BlackElo "1799"]

1.e4 c5 2.Nf3 Nc6 3.d4 cxd4 4.Nxd4 Nf6 5.Nc3 d6 6.Bg5 e6 7.Qd2 a6 8.O-O-O Bd7
9.f4 b5 10.Bxf6 gxf6 11.Nxc6 Bxc6 12.Bd3 Qb6 13.Kb1 Rc8 14.h4 h5 15.Ne2 Bh6
16.g3 e5 17.Nc3 Rg8 18.Rhg1 exf4 19.Nd5 Bxd5 20.exd5 fxg3 21.Qe2+ Kd8 {#R} 0-1

[Event "Ch Germany (juniors) (Internet) (under 18) (qual3)"]
[Site "masterchessopen.com Internet"]
[Date "2009.05.17"]
[Round "3"]
[White "Loewe Lennard (GER)"]
[Black "Bogenschuetze Paul J (GER)"]
[Result "0-1"]
[WhiteElo "2018"]
[BlackElo "2085"]

1.e4 c5 2.Nf3 Nc6 3.d4 cxd4 4.Nxd4 Nf6 5.Nc3 d6 6.Bg5 e6 7.Qd2 a6 8.O-O-O Bd7
9.f4 h6 10.Bh4 Nxe4 11.Qe1 Nf6 12.Nf5 Qa5 13.Nxd6+ Bxd6 14.Rxd6 Qc7 15.Rd2
O-O-O 16.Bxf6 gxf6 17.Qh4 f5 18.g3 Nb4 19.Bg2 Bc6 20.Rxd8+ Rxd8 21.Bxc6 Qxc6
22.Re1 Qg2 23.Kb1 Qxc2+ 24.Ka1 Rd2 25.Rb1 Qxc3 26.bxc3 Rxa2# 0-1

[Event "Ch Asia"]
[Site "masterchessopen.com Subic Bay (Philippines)"]
[Date "2009.05.23"]
[Round "11"]
[White "Filippov Anton (UZB)"]
[Black "Deepan Chakkravarthy J (IND)"]
[Result "1-0"]
[WhiteElo "2583"]
[BlackElo "2506"]

1.e4 c5 2.Nf3 d6 3.d4 cxd4 4.Nxd4 Nf6 5.Nc3 Nc6 6.Bg5 e6 7.Qd2 a6 8.O-O-O Bd7
9.f4 b5 10.Bxf6 gxf6 11.Kb1 Qb6 12.Nf5 exf5 13.Nd5 Qb7 14.Nxf6+ Kd8 15.e5 Rc8
16.exd6 Be6 17.g4 Bg7 18.Nh5 Rg8 19.gxf5 Bxf5 20.Bd3 Bg4 21.Nxg7 Bxd1 22.Rxd1
Rxg7 23.Qc3 Rg8 24.Bxh7 {#r} 1-0

[Event "Ch Germany (juniors) (under 14)"]
[Site "masterchessopen.com Willingen (Germany)"]
[Round "2"]
[White "Moritz Aron (GER)"]
[Black "Collmer Dominik (GER)"]
[Result "1-0"]
[WhiteElo "2004"]
[BlackElo "1785"]

1.e4 c5 2.Nf3 Nc6 3.d4 cxd4 4.Nxd4 Nf6 5.Nc3 d6 6.Bg5 e6 7.Qd2 a6 8.O-O-O Bd7
9.f4 Qc7 10.Be2 b5 11.a3 Rc8 12.Rhe1 Na5 13.e5 dxe5 14.fxe5 Ng8 15.Kb1 Nc4
16.Bxc4 bxc4 17.Qf4 Be7 18.Ne4 Bxg5 19.Qxg5 Kf8 20.Nd6 Rb8 21.Nxf7 Kxf7
22.Rf1+ Nf6 23.exf6 g6 24.Qh6 Rbg8 25.Nf3 Ke8 26.f7+ Kxf7 27.Rxd7+ {#r} 1-0